Un mundo inimitable : sonetos y poemas /

Guardado en:
Autor Principal: Cafiero, Oscar Felipe
Formato: Libro
Publicado: San Nicolás : Fondo editorial de San Nicolás, 2004
Materias:
Etiquetas: Agregar Etiqueta
Sin Etiquetas, Sea el primero en etiquetar este registro!
LEADER 00607nam a22001935a 4500
001 CEM.cems011678
005 20080228091245.0
008 130507s2004##################000#0#####d
003 CEMS
020 |a 95093430408 
082 0 4 |a A861.4 
100 1 |a Cafiero, Oscar Felipe 
245 1 0 |a Un mundo inimitable :  |b sonetos y poemas /  |c Oscar Felipe Cafiero 
260 |a San Nicolás :  |b Fondo editorial de San Nicolás,  |c 2004 
300 |a 96 p. 
653 |a Literatura 
653 |a Literatura argentina siglo 20 
653 |a Poesías argentina siglo 20 
859 |a CEMS  |b BIB. CEMS - 11 de abril  |h A861.4  |i C117  |p 22641.04  |t Ej.1